Giáo trình Tài chính chứng khoán ngân hàng

Saved in:
Bibliographic Details
Format: Book
Language:Undetermined
Subjects:
Online Access:http://lrc.tdmu.edu.vn/opac/search/detail.asp?aID=2&ID=7888
Tags: Add Tag
No Tags, Be the first to tag this record!
Institutions: Trung tâm Học liệu Trường Đại học Thủ Dầu Một
LEADER 00450nam a2200109Ia 4500
001 TDMU_7888
008 210410s9999 xx 000 0 und d
082 |a 332.2 
245 0 |a Giáo trình Tài chính chứng khoán ngân hàng 
650 |a Kinh tế học Tài chính ; Chứng khoán ngân hàng  
856 |u http://lrc.tdmu.edu.vn/opac/search/detail.asp?aID=2&ID=7888 
980 |a Trung tâm Học liệu Trường Đại học Thủ Dầu Một